Central Library OPAC University of Rajshahi

Plasticity : (Record no. 19895)

MARC details
000 -LEADER
fixed length control field 00906nam a2200289 a 4500
001 - CONTROL NUMBER
control field 19895
003 - CONTROL NUMBER IDENTIFIER
rucl marc code BD-RjUL
005 - DATE AND TIME OF LATEST TRANSACTION
control field 20211209000507.0
008 - FIXED-LENGTH DATA ELEMENTS--GENERAL INFORMATION
fixed length control field 14 s1999 nyua b 001 0 eng
020 ## - INTERNATIONAL STANDARD BOOK NUMBER
International Standard Book Number 0387987045
035 ## - SYSTEM CONTROL NUMBER
System control number (BD-RjUL)19956
040 ## - CATALOGING SOURCE
Original cataloging agency BD-RjUL
Language of cataloging eng
Transcribing agency BD-RjUL
041 ## - LANGUAGE CODE
Language code of text/sound track or separate title eng
082 ## - DEWEY DECIMAL CLASSIFICATION NUMBER
Edition number 21
Classification number 531.385
Author mark and year INT 1999
100 1# - MAIN ENTRY--PERSONAL NAME
Personal name Han, Weimin.
9 (RLIN) 61114
245 10 - TITLE STATEMENT
Title Plasticity :
Remainder of title mathematical theory and numerical analysis /
Statement of responsibility, etc. Weimin Han, B. Daya Reddy.
260 ## - PUBLICATION, DISTRIBUTION, ETC. (IMPRINT)
Place of publication, distribution, etc. New York ;
-- London :
Name of publisher, distributor, etc. Springer,
Date of publication, distribution, etc. c1999.
300 ## - PHYSICAL DESCRIPTION
Pagination xiii, 371 p. :
Illustrations ill. ;
Size 25 cm.
504 ## - BIBLIOGRAPHY, ETC. NOTE
Bibliography, etc Includes bibliographical references and index
650 #0 - SUBJECT ADDED ENTRY--TOPICAL TERM
Topical term or geographic name as entry element Numerical analysis.
9 (RLIN) 61115
Topical term or geographic name as entry element Plasticity.
9 (RLIN) 27076
700 1# - ADDED ENTRY--PERSONAL NAME
Personal name Reddy, B. Dayanand,
Dates associated with a name 1953-
830 #0 - SERIES ADDED ENTRY--UNIFORM TITLE
Volume number/sequential designation v. 9
830 #0 - SERIES ADDED ENTRY--UNIFORM TITLE
Uniform title Interdisciplinary applied mathematics ;
942 ## - ADDED ENTRY ELEMENTS (KOHA)
Source of classification or shelving scheme Dewey Decimal Classification
Koha item type Books
Holdings
Lost status Source of classification or shelving scheme Damaged status Not for loan Collection code Permanent Location Current Location Shelving location Date acquired Source of acquisition Cost, normal purchase price Total Checkouts Full call number Date last seen Copy number Koha item type
  Dewey Decimal Classification   Not For Loan Non-fiction Central Library, University of Rajshahi Central Library, University of Rajshahi Reading Room 19/02/2013 Trim Education 10525.00   531.385 INT 1999 26/02/2014 C-1 Books